| 000 | 00984nam a2200241 i 4500 | ||
|---|---|---|---|
| 003 | EG-ScBUE | ||
| 005 | 20230814101224.0 | ||
| 008 | 100415s1990 ku r f 00 0 ara ara d | ||
| 040 |
_aEG-ScBUE _bara _erda _cEG-ScBUE _dEG-ScBUE |
||
| 082 | 0 | 4 |
_222 _a909.07 _bق ا س |
| 100 | 1 |
_aقاسم، قاسم عبده، _d1942- _eمؤلف. |
|
| 245 | 1 | 0 |
_aماهية الحروب الصليبية : _bالأيديولوجية - الدوافع - النتائج / _cتأليف د. قاسم عبده قاسم. |
| 264 | 1 |
_aالكويت : _bالمجلس الوطني للثقافة والفنون والآداب، _c1990. |
|
| 300 |
_a256 صفحة ؛ _c22 سم. |
||
| 336 |
_2rdacontent _aنص _btxt |
||
| 337 |
_2rdamedia _aبدون وسيط _bn |
||
| 338 |
_2rdacarrier _aمجلد _bnc |
||
| 490 | 0 |
_aعالم المعرفة ؛ _v149 |
|
| 650 | 7 |
_913572 _aالحروب الصليبية. _2BUEsh |
|
| 650 | 7 |
_98768 _aالتاريخ الإسلامي. _2BUEsh |
|
| 655 | _vReading book | ||
| 942 |
_2ddc _cBB |
||
| 999 |
_c13896 _d13896 |
||